Calciatori più preziosi - Statistics

Statistiche generali
  • Questo quiz è stato fatto 353 volte
  • Il punteggio medio è 12 su 20
Statistiche sulle risposte
Calciatore Squadra Valutazione % Corretto
Kylian Mbappè Paris Saint Germain 180M
99%
Mohamed Salah Liverpool 120M
93%
Neymar Paris Saint Germain 128M
92%
Erling Haaland Borussia Dortmund 100M
91%
Harry Kane Tottenham 120M
84%
Lionel Messi Barcelona 100M
84%
Romelu Lukaku Inter 85M
80%
Sadio Manè Liverpool 120M
79%
Kevin De Bruyne Manchester City 120M
75%
Joao Felix Atletico Madrid 100M
61%
Jadon Sancho Borussia Dortmund 100M
50%
Raheem Sterling Manchester City 128M
48%
Trent Alexander Arnold Liverpool 110M
44%
Joshua Kimmich Bayern Monaco 85M
42%
Marcus Rashford Manchester United 80M
36%
Kai Havertz Chelsea 81M
35%
Serge Gnabry Bayern Monaco 90M
34%
Alphonso Davies Bayern Monaco 80M
30%
Jan Oblak Atletico Madrid 90M
28%
Ansu Fati Barcelona 80M
19%
Nessun quiz corrispondente trovato
Distribuzione punteggi
Percentuale di utenti per punteggio
Percentile per numero di risposta
I tuoi punteggi nel tempo
Non hai fatto questo quiz